000 00985nam a22002417a 4500
005 20240814175139.0
008 s2537 th tha d
020 _a9748921026
040 _aNALT
041 _atha
100 0 _aสุธาบดี สัตตบุศย์
245 1 0 _aกฎหมายสำหรับผู้ถือหุ้นและกรรมการบริษัท มหาชน จำกัด
260 3 _aกรุงเทพฯ :
_bเอส.เอ. 21,
_c2537
300 _a195 หน้า ;
_b 26 ซม.
650 0 4 _aกฎหมายบริษัท
650 0 4 _aบริษัท
650 0 4 _aผู้ถือหุ้น -- กฎหมายและระเบียบข้อบังคับ
650 0 4 _aบริษัทมหาชนจำกัด
850 _aNALT
942 _cLB
_2lcc
999 _c17800
_d17800
998 _j25
_k นีลวัสน์ อินทรักษา
090 _aKS51 ส784ก 2537